Statistiques concernant Les équipes françaises qui ont participé à la Ligue des Champions

Cliquez ici pour prendre le quiz!

Statistiques générales

  • Ce quiz a été pris 358 fois
  • Le résultat moyen est 15 sur 17

Statistiques - réponses

ParticipationsClubs% Correct
17Olympique de Marseille
100%
17Paris Saint-Germain
100%
18Olympique Lyonnais
99%
18AS Monaco
95%
8LOSC Lille
95%
7Girondins de Bordeaux
94%
10AS Saint-Étienne
92%
8FC Nantes
91%
3RC Lens
90%
1Stade Rennais FC
90%
3OGC Nice
88%
1Montpellier HSC
83%
4Stade de Reims
82%
1Toulouse FC
80%
1RC Strasbourg Alsace
76%
1FC Metz
62%
3AJ Auxerre
54%

Distribution des résultats

Percentile par nombre de réponses

% des personnes avec chaque résultat

Votre développement - résultats

Vous n’avez pas pris ce quiz